<?xml version="1.0" encoding="UTF-8"?>
<record
    xmlns:xsi="http://www.w3.org/2001/XMLSchema-instance"
    xsi:schemaLocation="http://www.loc.gov/MARC21/slim http://www.loc.gov/standards/marcxml/schema/MARC21slim.xsd"
    xmlns="http://www.loc.gov/MARC21/slim">

  <leader>01099nam a2200265 a 4500</leader>
  <controlfield tag="001">BRL_1440</controlfield>
  <controlfield tag="005">20190320211216.0</controlfield>
  <controlfield tag="008">150114s1992----mx-db#####---#000-0#spa-#</controlfield>
  <datafield tag="020" ind1=" " ind2=" ">
    <subfield code="a">968293754X</subfield>
  </datafield>
  <datafield tag="041" ind1=" " ind2=" ">
    <subfield code="a">spa</subfield>
  </datafield>
  <datafield tag="044" ind1=" " ind2=" ">
    <subfield code="a">mx</subfield>
  </datafield>
  <datafield tag="050" ind1=" " ind2="4">
    <subfield code="a">GT4814.A3</subfield>
    <subfield code="b">.R36 1992</subfield>
  </datafield>
  <datafield tag="100" ind1="1" ind2=" ">
    <subfield code="a">Ramos Galicia, Yolanda</subfield>
    <subfield code="9">26920</subfield>
  </datafield>
  <datafield tag="245" ind1="1" ind2="0">
    <subfield code="a">Calendario de ferias y fiestas tradicionales del estado de Tlaxcala</subfield>
    <subfield code="c">Yolanda Ramos Galicia.</subfield>
  </datafield>
  <datafield tag="260" ind1=" " ind2=" ">
    <subfield code="a">M&#xE9;xico, D.F.</subfield>
    <subfield code="b">Instituto Nacional de Antropolog&#xED;a e Historia : Gobierno del Estado de Tlaxcala, Museo de Artes y Tradiciones Populares de la Casa de Artesan&#xED;a de Tlaxcala</subfield>
    <subfield code="c">1992</subfield>
  </datafield>
  <datafield tag="300" ind1=" " ind2=" ">
    <subfield code="a">381 p.</subfield>
    <subfield code="b">il., graficas</subfield>
    <subfield code="c">21 cm</subfield>
    <subfield code="e">+ 2 mapas plegables (uno de municipios y ferias y el otro de las ferias del centro y sur de Tlaxcala)</subfield>
  </datafield>
  <datafield tag="440" ind1=" " ind2="0">
    <subfield code="a">Colecci&#xF3;n regiones de M&#xE9;xico</subfield>
    <subfield code="9">26921</subfield>
  </datafield>
  <datafield tag="440" ind1=" " ind2="0">
    <subfield code="a">Serie Antropolog&#xED;a</subfield>
    <subfield code="9">9658</subfield>
  </datafield>
  <datafield tag="500" ind1=" " ind2=" ">
    <subfield code="a">Au1779</subfield>
  </datafield>
  <datafield tag="650" ind1="1" ind2="4">
    <subfield code="a">Festivales</subfield>
    <subfield code="z">Tlaxcala (Estado)</subfield>
    <subfield code="9">26922</subfield>
  </datafield>
  <datafield tag="650" ind1="1" ind2="4">
    <subfield code="a">Ayunos y fiestas</subfield>
    <subfield code="z">Tlaxcala (Estado)</subfield>
    <subfield code="9">26923</subfield>
  </datafield>
  <datafield tag="651" ind1=" " ind2="4">
    <subfield code="a">Tlaxcala (Estado)</subfield>
    <subfield code="x">Vida social y costumbres</subfield>
    <subfield code="9">26924</subfield>
  </datafield>
  <datafield tag="902" ind1=" " ind2=" ">
    <subfield code="a">GRL</subfield>
  </datafield>
  <datafield tag="942" ind1=" " ind2=" ">
    <subfield code="2">lcc</subfield>
    <subfield code="c">B</subfield>
  </datafield>
  <datafield tag="999" ind1=" " ind2=" ">
    <subfield code="c">10250</subfield>
    <subfield code="d">10250</subfield>
  </datafield>
  <datafield tag="952" ind1=" " ind2=" ">
    <subfield code="0">0</subfield>
    <subfield code="1">0</subfield>
    <subfield code="4">0</subfield>
    <subfield code="7">0</subfield>
    <subfield code="a">BRL</subfield>
    <subfield code="b">BRL</subfield>
    <subfield code="d">2014-01-15</subfield>
    <subfield code="i">Au1779</subfield>
    <subfield code="l">0</subfield>
    <subfield code="o">GT4814.A3 .R36 1992 (Au1779)</subfield>
    <subfield code="p">GRL01600</subfield>
    <subfield code="r">2019-03-22 00:00:00</subfield>
    <subfield code="w">2019-03-22</subfield>
    <subfield code="y">B</subfield>
  </datafield>
</record>
